[Event "Christmas op"]
[Site "Toronto CAN"]
[Date "1982.12.26"]
[Round "?"]
[White "Van Leusden, Jacques"]
[Black "Petrenco, Oliver"]
[Result "1-0"]
[WhiteElo "1972"]
[BlackElo "1983"]
[PlyCount "81"]
[GameId "2160767912811138"]
[EventDate "1982.12.26"]
[EventType "swiss"]
[EventRounds "6"]
[EventCountry "CAN"]
[SourceTitle "CFC 1983.03"]

1. e4 c5 2. Nf3 a6 3. c4 d6 4. d4 Bg4 5. d5 g6 6. Nc3 Bg7 7. h3 Bxf3 8. Qxf3 Nd7 9. Be2 e5 10. dxe6 fxe6 11. O-O Nh6 12. Qg3 Nf7 13. f4 Bd4+ 14. Be3 Nf6 15. Bd3 e5 16. Bxd4 cxd4 17. Nd5 Nxd5 18. exd5 Qe7 19. Rae1 O-O-O 20. c5 dxc5 21. fxe5 Rhe8 22. Qg4+ Kb8 23. d6 Nxd6 24. exd6 Qxd6 25. Qh4 Qc7 26. b3 b5 27. Qf6 Ka7 28. a4 Re3 29. Rxe3 dxe3 30. axb5 axb5 31. Ra1+ Kb8 32. Be4 Qd6 33. Ra8+ Kc7 34. Qf7+ Rd7 35. Ra7+ Kd8 36. Qg8+ Ke7 37. Qxh7+ Ke6 38. Qxg6+ Ke5 39. Qf5+ Kd4 40. Rxd7 Qxd7 41. Qxd7+ 1-0

[Event "Coupe Carlsberg"]
[Site "Hull CAN"]
[Date "1982.01.30"]
[Round "2"]
[White "Solunac, Sasha"]
[Black "Lecorre, Joel"]
[Result "1-0"]
[WhiteElo "1614"]
[BlackElo "1642"]
[PlyCount "101"]
[GameId "2160767912848862"]
[EventDate "1982.01.30"]
[EventType "team"]
[EventRounds "3"]
[EventCountry "CAN"]
[SourceTitle "Matou #14"]

1. d4 d5 2. c4 e6 3. Nc3 Be7 4. cxd5 exd5 5. Bf4 Nf6 6. e3 c5 7. Nf3 a6 8. Rc1 c4 9. a4 Bb4 10. Be2 Ne4 11. O-O Nxc3 12. bxc3 Bd6 13. Bxd6 Qxd6 14. Rb1 f5 15. Ne5 Nd7 16. f4 O-O 17. Bf3 Nf6 18. a5 Qa3 19. Qc2 Qxa5 20. Ra1 Qc7 21. Rfb1 Rb8 22. Qa2 b5 23. Rb4 Ne4 24. Bxe4 fxe4 25. Qb2 Rb6 26. Ra3 Rbf6 27. Qf2 Qd6 28. Ra2 Kh8 29. Rb1 g5 30. g3 Rh6 31. Qc2 gxf4 32. exf4 Rh3 33. Qd1 Kg7 34. Qe2 h5 35. Kh1 Qh6 36. Qg2 Bg4 37. Rba1 Rf6 38. Rg1 Rf5 39. Rf1 Qb6 40. Kg1 a5 41. Qf2 b4 42. Rb1 b3 43. Ra3 Rf6 44. Rba1 b2 45. Rb1 Qd6 46. Rxa5 Bf5 47. Rxb2 h4 48. Ra7+ Kg8 49. Ra8+ Kg7 50. Rb7+ Kh6 51. Rh8+ 1-0

[Event "Eastern Ontario op"]
[Site "Ottawa CAN"]
[Date "1982.??.??"]
[Round "?"]
[White "Sexton, Frank"]
[Black "Laurin, Marcel"]
[Result "0-1"]
[WhiteElo "1850"]
[BlackElo "1712"]
[PlyCount "96"]
[GameId "2160767912848236"]
[EventDate "1982.08.27"]
[EventType "swiss"]
[EventRounds "6"]
[EventCountry "CAN"]
[SourceTitle "Matou #17"]

1. e4 c5 2. Nf3 Nc6 3. Bb5 Qb6 4. Nc3 e6 5. Bxc6 bxc6 6. e5 d6 7. exd6 Bxd6 8. d3 Nf6 9. O-O Qc7 10. b3 e5 11. Qe2 O-O 12. Bb2 Re8 13. Ne4 Nd5 14. Nxd6 Qxd6 15. Bxe5 Qg6 16. Qd2 Bg4 17. Bg3 Bxf3 18. gxf3 Re5 19. Rfe1 Rh5 20. Re2 Rf8 21. Rae1 f5 22. Re6 Qf7 23. f4 Rh3 24. Qe2 Nf6 25. Kg2 Rh6 26. h3 Rg6 27. Re7 Qd5+ 28. Qf3 Qd4 29. c4 h5 30. h4 Ng4 31. R1e6 Rff6 32. Rxf6 Rxf6 33. Qe2 Rg6 34. Re6 Nf6 35. Rxc6 Qxf4 36. Kh3 Qc1 37. Rc8+ Kh7 38. Qf3 Qf1+ 39. Qg2 Qxd3 40. Rxc5 f4 41. Rg5 Rxg5 42. hxg5 Qf5+ 43. Kh2 fxg3+ 44. Qxg3 Ng4+ 45. Kg2 Qxg5 46. f3 Qd2+ 47. Kh3 Nf2+ 48. Kh4 Kh6 0-1

[Event "Eastern Ontario op"]
[Site "Ottawa CAN"]
[Date "1982.08.28"]
[Round "1"]
[White "Vanden, Ron"]
[Black "Veltmann, Martin"]
[Result "0-1"]
[WhiteElo "1661"]
[BlackElo "1875"]
[PlyCount "68"]
[GameId "2160767912848237"]
[EventDate "1982.08.27"]
[EventType "swiss"]
[EventRounds "6"]
[EventCountry "CAN"]
[SourceTitle "mv"]

1. e4 e5 2. Nf3 Nc6 3. Bc4 Bc5 4. O-O Nf6 5. Re1 O-O 6. c3 Nxe4 7. d4 exd4 8. cxd4 Bb6 9. Bxf7+ Rxf7 10. Rxe4 d5 11. Rf4 Rxf4 12. Bxf4 Bg4 13. Be3 Qf6 14. Nc3 Rd8 15. Bg5 Qxg5 16. Nxg5 Bxd1 17. Rxd1 Nxd4 18. Na4 Nf5 19. Nxb6 axb6 20. Kf1 c5 21. Nh3 Kf7 22. Nf4 d4 23. Nd3 Re8 24. Rc1 Nd6 25. Rc2 Kf6 26. Rd2 Kf5 27. Re2 Rxe2 28. Kxe2 c4 29. Ne1 Ke4 30. Kd2 b5 31. a3 Kd5 32. Ke2 Ne4 33. Nf3 Nc5 34. Kd1 Nd3 0-1

[Event "Eastern Ontario op"]
[Site "Ottawa CAN"]
[Date "1982.08.28"]
[Round "2"]
[White "Veltmann, Martin"]
[Black "Spraggett, Kevin"]
[Result "0-1"]
[WhiteElo "1875"]
[BlackElo "2553"]
[PlyCount "95"]
[GameId "2160767912848238"]
[EventDate "1982.08.27"]
[EventType "swiss"]
[EventRounds "6"]
[EventCountry "CAN"]
[SourceTitle "mv"]

1. d4 Nf6 2. c4 g6 3. Nc3 Bg7 4. e4 d6 5. Be2 O-O 6. Nf3 e5 7. O-O Nc6 8. d5 Ne7 9. Ne1 Nd7 10. Nd3 f5 11. f3 f4 12. Bd2 g5 13. Rc1 Rf7 14. b4 Nf6 15. c5 Ng6 16. cxd6 cxd6 17. h3 h5 18. Nf2 a6 19. a4 Bd7 20. a5 b5 21. axb6 Qxb6 22. Kh1 Bf8 23. Ra1 Ra7 24. b5 axb5 25. Rxa7 Qxa7 26. Bxb5 Bxb5 27. Nxb5 Qa6 28. Nc3 g4 29. Qe2 Qxe2 30. Nxe2 gxf3 31. gxf3 Rc7 32. Nc3 Nh7 33. Nd3 Kg7 34. Be1 Be7 35. Ne2 Rc2 36. Ng1 Bh4 37. Bxh4 Nxh4 38. Rb1 Ng5 39. Ne1 Rd2 40. Rc1 Kf6 41. Rb1 Ra2 42. Rc1 Ra3 43. Rb1 Nhxf3 44. Ngxf3 Nxf3 45. Nxf3 Rxf3 46. Kg2 Rg3+ 47. Kh2 Re3 48. Rb4 0-1

[Event "Eastern Ontario op"]
[Site "Ottawa CAN"]
[Date "1982.08.28"]
[Round "3"]
[White "Chyurlia, Jerome"]
[Black "Veltmann, Martin"]
[Result "0-1"]
[WhiteElo "1542"]
[BlackElo "1875"]
[PlyCount "58"]
[GameId "2160767912848239"]
[EventDate "1982.08.27"]
[EventType "swiss"]
[EventRounds "6"]
[EventCountry "CAN"]
[SourceTitle "mv"]

1. e4 e5 2. Nf3 Nc6 3. Bb5 a6 4. Ba4 Nf6 5. O-O Nxe4 6. Re1 Nc5 7. Nxe5 Be7 8. Bxc6 dxc6 9. d4 Ne6 10. c3 O-O 11. Nd2 c5 12. Ndf3 cxd4 13. cxd4 Bf6 14. Be3 Qd5 15. Ng4 Be7 16. Nge5 b6 17. Nd3 Bb7 18. Nf4 Nxf4 19. Bxf4 Bd6 20. Bxd6 Qxd6 21. Ne5 Rad8 22. Rc1 Rfe8 23. Qc2 Re7 24. Red1 Rde8 25. Kf1 a5 26. Nc4 Qxh2 27. Ne3 Ba6+ 28. Ke1 Qg1+ 29. Kd2 Qxf2+ 0-1

[Event "Eastern Ontario op"]
[Site "Ottawa CAN"]
[Date "1982.08.28"]
[Round "4"]
[White "Veltmann, Martin"]
[Black "Nguyen, Tuong"]
[Result "1-0"]
[WhiteElo "1875"]
[BlackElo "1687"]
[PlyCount "117"]
[GameId "2160767912848240"]
[EventDate "1982.08.27"]
[EventType "swiss"]
[EventRounds "6"]
[EventCountry "CAN"]
[SourceTitle "mv"]

1. e4 c5 2. Nf3 d6 3. d4 cxd4 4. Nxd4 Nf6 5. Nc3 a6 6. Bc4 e6 7. O-O Be7 8. Bb3 Nc6 9. Be3 O-O 10. f4 Na5 11. e5 Nxb3 12. axb3 dxe5 13. fxe5 Nd5 14. Nxd5 Qxd5 15. Qh5 Qe4 16. Rae1 b5 17. Rf4 Qg6 18. Qf3 Bg5 19. Qxa8 Bxf4 20. Bxf4 f6 21. Qe4 Qf7 22. Bg3 Bb7 23. Qe3 f5 24. Rf1 h6 25. c4 g5 26. Bf2 f4 27. Qh3 f3 28. g3 Kh7 29. c5 Bd5 30. Rc1 Rc8 31. c6 Rc7 32. Qg4 Qg6 33. h4 gxh4 34. Qxg6+ Kxg6 35. gxh4 Kh5 36. Bg3 Kg4 37. Kf2 b4 38. Ra1 Bxc6 39. Rc1 Rd7 40. Rxc6 Rxd4 41. Rc4 Rxc4 42. bxc4 a5 43. c5 a4 44. c6 a3 45. bxa3 b3 46. c7 b2 47. c8=Q b1=Q 48. Qxe6+ Kh5 49. Qf7+ Kg4 50. Qxf3+ Kh3 51. Bf4+ Kxh4 52. Qg3+ Kh5 53. Qh3+ Kg6 54. Qxh6+ Kf7 55. e6+ Ke8 56. Qh5+ Kd8 57. Qd5+ Ke7 58. Bg5+ Kf8 59. Qf3+ 1-0

[Event "Eastern Ontario op"]
[Site "Ottawa CAN"]
[Date "1982.08.29"]
[Round "5"]
[White "Gilmore, Barry"]
[Black "Veltmann, Martin"]
[Result "0-1"]
[WhiteElo "1584"]
[BlackElo "1875"]
[PlyCount "38"]
[GameId "2160767912848241"]
[EventDate "1982.08.27"]
[EventType "swiss"]
[EventRounds "6"]
[EventCountry "CAN"]
[SourceTitle "mv"]

1. e4 e5 2. Nf3 Nc6 3. b3 Nf6 4. Nc3 g6 5. Bb2 Bg7 6. d4 exd4 7. Nxd4 O-O 8. Nxc6 bxc6 9. Bd3 d5 10. e5 Ng4 11. f4 f6 12. h3 Ne3 13. Qd2 d4 14. Ne2 fxe5 15. fxe5 Bxe5 16. Qa5 Nxg2+ 17. Kd2 Qg5+ 18. Kd1 Ne3+ 19. Kc1 Nc4+ 0-1

[Event "Eastern Ontario op"]
[Site "Ottawa CAN"]
[Date "1982.08.29"]
[Round "6"]
[White "Veltmann, Martin"]
[Black "Winterton, Ken"]
[Result "1/2-1/2"]
[WhiteElo "1875"]
[BlackElo "2051"]
[PlyCount "140"]
[GameId "2160767912848242"]
[EventDate "1982.08.27"]
[EventType "swiss"]
[EventRounds "6"]
[EventCountry "CAN"]
[SourceTitle "mv"]

1. d4 Nf6 2. c4 g6 3. Nc3 Bg7 4. e4 d6 5. Be2 O-O 6. Nf3 Nbd7 7. O-O e5 8. Re1 c6 9. Bf1 exd4 10. Nxd4 Nc5 11. h3 Re8 12. Qc2 Nfxe4 13. Nxe4 Bxd4 14. Bg5 Qd7 15. Nf6+ Bxf6 16. Bxf6 Re6 17. Qc3 Ne4 18. Rxe4 Rxe4 19. Bd3 Re6 20. Bf5 Qe8 21. Bh8 Re5 22. Bxc8 Rxc8 23. Bxe5 Qxe5 24. Qxe5 dxe5 25. Rd1 Rc7 26. Rd8+ Kg7 27. Kf1 f5 28. Ke2 Kf6 29. Rf8+ Ke6 30. Re8+ Re7 31. Rd8 Rd7 32. Re8+ Kf6 33. Rf8+ Kg5 34. Re8 e4 35. g3 Kf6 36. h4 a6 37. Ke1 Re7 38. Rd8 Ke6 39. Ke2 Rd7 40. Re8+ Kd6 41. Ke3 Kc5 42. b3 Kb4 43. h5 Kc3 44. h6 Rd1 45. Re7 Rh1 46. Rxh7 g5 47. f3 exf3 48. Kxf3 b5 49. cxb5 axb5 50. a4 bxa4 51. bxa4 Kb4 52. a5 Kxa5 53. Rf7 Rxh6 54. Rxf5+ Kb4 55. Rxg5 c5 56. Rg8 c4 57. g4 c3 58. Rb8+ Ka3 59. Ra8+ Kb2 60. Rb8+ Kc1 61. g5 Rc6 62. Rh8 c2 63. Rh6 Rc3+ 64. Kg4 Kd2 65. Rh1 c1=Q 66. Rxc1 Rxc1 67. g6 Ke3 68. Kh5 Rc5+ 69. Kh6 Kf4 70. g7 Rc6+ 1/2-1/2

[Event "En attendant Roman"]
[Site "Montreal CAN"]
[Date "1982.07.10"]
[Round "1"]
[White "Morin, Louis"]
[Black "Montmarquette, Yves"]
[Result "1-0"]
[WhiteElo "1812"]
[BlackElo "1491"]
[PlyCount "75"]
[GameId "2160767912848362"]
[EventDate "1982.07.10"]
[EventType "tourn"]
[EventRounds "6"]
[EventCountry "CAN"]
[SourceTitle "hb 2013"]

1. e4 c5 2. Nf3 d6 3. d4 cxd4 4. Nxd4 Nf6 5. Nc3 a6 6. Be2 e6 7. O-O Nc6 8. Be3 Nxd4 9. Qxd4 Be7 10. Rad1 Qc7 11. Na4 b5 12. Nb6 Rb8 13. Nxc8 Rxc8 14. a4 O-O 15. axb5 axb5 16. Bxb5 Qxc2 17. Rd3 Qc7 18. Ra1 Ra8 19. Rc1 Qa5 20. Bc6 Rac8 21. b4 Qh5 22. f3 d5 23. e5 Ne8 24. b5 f6 25. Bd7 Rxc1+ 26. Bxc1 Nc7 27. f4 Qe2 28. Re3 fxe5 29. Rxe2 exd4 30. b6 d3 31. bxc7 dxe2 32. Bxe6+ Kh8 33. Kf2 Bc5+ 34. Kxe2 h6 35. Bb2 d4 36. Kd3 Rxf4 37. c8=Q+ Bf8 38. Ba3 1-0

[Event "En attendant Roman"]
[Site "Montreal CAN"]
[Date "1982.07.12"]
[Round "2"]
[White "Bilodeau, Marcel"]
[Black "Morin, Louis"]
[Result "0-1"]
[WhiteElo "1988"]
[BlackElo "1812"]
[PlyCount "46"]
[GameId "2160767912848363"]
[EventDate "1982.07.10"]
[EventType "tourn"]
[EventRounds "6"]
[EventCountry "CAN"]
[SourceTitle "hb 2013"]

1. e4 c5 2. Nf3 e6 3. d4 cxd4 4. Nxd4 Nf6 5. Nc3 Nc6 6. Be2 Bb4 7. Nxc6 bxc6 8. f3 Bxc3+ 9. bxc3 Qa5 10. Qd6 Qxc3+ 11. Kf2 Qxa1 12. e5 Nd5 13. Rd1 f6 14. f4 Nc3 15. Bh5+ g6 16. Bf3 Nxd1+ 17. Bxd1 fxe5 18. Be3 exf4 19. Bc5 Qf6 20. Bf3 Kf7 21. Bd4 e5 22. Bd5+ cxd5 23. Qxd5+ Qe6 0-1

[Event "En attendant Roman"]
[Site "Montreal CAN"]
[Date "1982.07.20"]
[Round "4"]
[White "Morin, Louis"]
[Black "Bilodeau, Marcel"]
[Result "1/2-1/2"]
[WhiteElo "1812"]
[BlackElo "1988"]
[PlyCount "162"]
[GameId "2160767912848365"]
[EventDate "1982.07.10"]
[EventType "tourn"]
[EventRounds "6"]
[EventCountry "CAN"]
[SourceTitle "hb 2013"]

1. e4 e5 2. Nf3 Nc6 3. Bb5 a6 4. Ba4 Nf6 5. O-O Be7 6. Re1 b5 7. Bb3 O-O 8. c3 d6 9. h3 Na5 10. d4 Nxb3 11. axb3 Bb7 12. Nbd2 Re8 13. b4 Bf8 14. Qc2 d5 15. Nxe5 dxe4 16. Nb3 Bd5 17. Na5 Nd7 18. Ng4 Rc8 19. Bf4 Bd6 20. Bh2 Qg5 21. Ne3 Ba8 22. Nb3 Re6 23. Bxd6 Rxd6 24. Nc5 Nxc5 25. bxc5 Rg6 26. Kh1 Re8 27. Rg1 f5 28. g3 Qh5 29. Rg2 f4 30. gxf4 Qxh3+ 31. Rh2 Qf3+ 32. Rg2 Rh6+ 33. Kg1 Qh3 34. Kf1 Qh1+ 35. Rg1 Qh3+ 36. Ke1 Qh2 37. Rg3 Qh1+ 38. Nf1 e3 39. fxe3 Rg6 40. Qf2 Rxg3 41. Qxg3 Be4 42. Rd1 Bf3 43. Rd3 Bg2 44. Qf2 Be4 45. Rd2 h5 46. Qg3 g6 47. Rh2 Qf3 48. Qxf3 Bxf3 49. Kf2 Bd5 50. Nd2 Kg7 51. Nf3 Kf6 52. b4 a5 53. bxa5 Ra8 54. Nd2 Kf5 55. Rh3 Rxa5 56. Rg3 c6 57. Rg5+ Kf6 58. e4 Bf7 59. d5 Ra3 60. e5+ Ke7 61. e6 Be8 62. Ne4 cxd5 63. Nd6 Rxc3 64. Nxe8 Kxe8 65. Rxg6 Rxc5 66. f5 d4 67. f6 Rf5+ 68. Ke2 Re5+ 69. Kd3 Rxe6 70. Kxd4 Re1 71. Rh6 Rh1 72. Ke5 Kf7 73. Rh7+ Kg6 74. Rg7+ Kh6 75. Ke6 Re1+ 76. Kf7 h4 77. Kf8 Rc1 78. Kg8 Rc8+ 79. Kf7 Rb8 80. Ke6 b4 81. Rg4 Kh5 1/2-1/2

[Event "En attendant Roman"]
[Site "Montreal CAN"]
[Date "1982.07.22"]
[Round "5"]
[White "Montmarquette, Yves"]
[Black "Morin, Louis"]
[Result "0-1"]
[WhiteElo "1491"]
[BlackElo "1812"]
[PlyCount "124"]
[GameId "2160767912848366"]
[EventDate "1982.07.10"]
[EventType "tourn"]
[EventRounds "6"]
[EventCountry "CAN"]
[SourceTitle "hb 2013"]

1. e4 c5 2. Nf3 d6 3. d4 cxd4 4. Nxd4 Nf6 5. Nc3 Nc6 6. Bc4 Qb6 7. Nb3 Bd7 8. Be3 Qc7 9. f3 a6 10. Nd5 Nxd5 11. exd5 Ne5 12. Be2 Rc8 13. Rc1 Nc4 14. Bd4 e5 15. dxe6 fxe6 16. Bd3 e5 17. Qe2 Be7 18. Bxc4 Qxc4 19. Qxc4 Rxc4 20. Be3 O-O 21. O-O d5 22. Rfd1 Be6 23. Nd2 Rc6 24. b3 Ba3 25. Nf1 Bxc1 26. Rxc1 Rfc8 27. c4 dxc4 28. b4 c3 29. a3 Kf7 30. Bf2 c2 31. Be1 Bc4 32. Nd2 Be2 33. Ne4 Bd1 34. Bg3 Rd8 35. Bxe5 Bxf3 36. Nd6+ Rcxd6 37. Bxd6 Rxd6 38. Rxc2 Bc6 39. Rf2+ Rf6 40. Rd2 Ke7 41. h4 Rg6 42. Re2+ Kf6 43. Rd2 Rxg2+ 44. Rxg2 Bxg2 45. Kxg2 Kf5 46. Kf3 h5 47. a4 g5 48. hxg5 Kxg5 49. Kg3 Kf5 50. Kh4 Ke4 51. Kxh5 Kd5 52. Kg4 Kc4 53. b5 axb5 54. axb5 Kxb5 55. Kf4 Kb4 56. Ke4 Kc5 57. Kd3 Kb4 58. Kc2 Ka3 59. Kc3 b5 60. Kc2 b4 61. Kb1 Kb3 62. Kc1 Ka2 0-1

[Event "Est du Quebec"]
[Site "Rimouski CAN"]
[Date "1982.12.04"]
[Round "2"]
[White "Bosse, Eric"]
[Black "Gagnon, Pierre"]
[Result "0-1"]
[WhiteElo "1492"]
[BlackElo "1722"]
[PlyCount "70"]
[GameId "2160767912811161"]
[EventDate "1982.12.04"]
[EventType "swiss"]
[EventRounds "4"]
[EventCountry "CAN"]
[SourceTitle "Rimouski Echecs 01 2.1"]

1. e4 c5 2. Nf3 d6 3. Nc3 Nf6 4. Bc4 Nc6 5. Ng5 e6 6. O-O Be7 7. b3 O-O 8. Bb2 d5 9. Bd3 d4 10. Ne2 Ne5 11. Nf4 Nxd3 12. Nxd3 h6 13. Nf3 Nxe4 14. Re1 Nf6 15. Ba3 b6 16. Nfe5 Bb7 17. Nf4 Bd6 18. Nh5 Nxh5 19. Qxh5 Qc7 20. c3 dxc3 21. dxc3 Rad8 22. Bb2 Be7 23. c4 Bf6 24. Qg4 Rd6 25. Rac1 Rfd8 26. f4 Rd2 27. Re2 Rd1+ 28. Rxd1 Rxd1+ 29. Kf2 Qd8 30. g3 Rh1 31. Nf3 Bxb2 32. Rxb2 Qd1 33. Ke3 Bxf3 34. Qxf3 Re1+ 35. Re2 Qd4# 0-1

[Event "Est du Quebec"]
[Site "Rimouski CAN"]
[Date "1982.12.05"]
[Round "3"]
[White "D'Astous, Dany"]
[Black "Gagnon, Pierre"]
[Result "0-1"]
[WhiteElo "1581"]
[BlackElo "1722"]
[PlyCount "88"]
[GameId "2160767912811162"]
[EventDate "1982.12.04"]
[EventType "swiss"]
[EventRounds "4"]
[EventCountry "CAN"]
[SourceTitle "Rimouski Echecs 01 2.1"]

1. e4 c5 2. Nf3 d6 3. d4 cxd4 4. Nxd4 g6 5. Nc3 Bg7 6. Be3 Nf6 7. Be2 O-O 8. O-O Bd7 9. f4 Nc6 10. Qe1 a6 11. Qg3 Nxe4 12. Nxe4 Nxd4 13. Bxd4 Bxd4+ 14. Kh1 Bxb2 15. Qh4 Bf6 16. Nxf6+ exf6 17. Rf3 f5 18. Qh6 Qf6 19. Rd1 Rfe8 20. Rh3 Qg7 21. Qxg7+ Kxg7 22. Bf3 Bc6 23. Bxc6 bxc6 24. Rhd3 d5 25. h3 Kf6 26. g3 Ke6 27. Rc3 Kd6 28. Rb3 Rab8 29. Rxb8 Rxb8 30. a3 c5 31. c4 d4 32. Kg1 Rb3 33. Ra1 Rxg3+ 34. Kh2 Rc3 35. Rb1 Rxc4 36. Rb6+ Kd5 37. Rxa6 Rc3 38. a4 Ra3 39. a5 c4 40. Ra8 Ke4 41. a6 Kxf4 42. Rd8 Ra2+ 43. Kg1 Kg3 44. Kf1 d3 0-1

[Event "Est du Quebec"]
[Site "Rimouski CAN"]
[Date "1982.12.05"]
[Round "4"]
[White "Gagnon, Pierre"]
[Black "Gagne, Marc-Donald"]
[Result "1-0"]
[WhiteElo "1722"]
[BlackElo "1796"]
[PlyCount "47"]
[GameId "2160767912811163"]
[EventDate "1982.12.04"]
[EventType "swiss"]
[EventRounds "4"]
[EventCountry "CAN"]
[SourceTitle "Rimouski Echecs 01 2.1"]

1. d4 d5 2. c4 Nf6 3. cxd5 Nxd5 4. e4 Nb6 5. Nc3 e6 6. Nf3 Be7 7. Be2 O-O 8. O-O N6d7 9. Be3 c5 10. Rc1 cxd4 11. Nxd4 Ne5 12. Qb3 b6 13. Rfd1 Nbd7 14. f4 Nc5 15. Qc2 Ned7 16. b4 Na6 17. a3 Bb7 18. Qb3 Bxb4 19. axb4 Qe7 20. Bxa6 Bxa6 21. Ncb5 Bxb5 22. Nxb5 a6 23. Rc7 Rfd8 24. Na7 1-0

[Event "Estival"]
[Site "Montreal CAN"]
[Date "1982.06.26"]
[Round "1"]
[White "Di Cecco, Giovanni"]
[Black "Morin, Louis"]
[Result "0-1"]
[WhiteElo "1601"]
[BlackElo "1813"]
[PlyCount "86"]
[GameId "2160767912848442"]
[EventDate "1982.06.26"]
[EventType "swiss"]
[EventRounds "4"]
[EventCountry "CAN"]
[SourceTitle "hb 2013"]

1. e4 c5 2. d4 cxd4 3. Qxd4 Nc6 4. Qd5 Nf6 5. Qc4 e5 6. Be3 d5 7. exd5 Nxd5 8. Bd3 Nxe3 9. fxe3 Qb6 10. Nc3 Be6 11. Nd5 Qa5+ 12. c3 Bxd5 13. Qg4 Qb6 14. e4 Qxb2 15. Rd1 Qxc3+ 16. Kf1 Be6 17. Qg3 O-O-O 18. Ne2 Rxd3 19. Nxc3 Rxg3 20. hxg3 Bc5 21. a4 Bc4+ 22. Ke1 Nb4 23. Rh5 f6 24. g4 Nd3+ 25. Kd2 Nf4 26. Rh2 Rd8+ 27. Kc1 Rxd1+ 28. Kxd1 h6 29. g3 Ne6 30. Rb2 Ng5 31. Nb1 Nxe4 32. Nd2 Nf2+ 33. Kc2 Bd3+ 34. Kb3 Bd4 35. Ra2 Nxg4 36. Nf3 Bc5 37. Ne1 Bf5 38. Rd2 Bf2 39. Nd3 Bxg3 40. Rg2 Bh4 41. Nc5 h5 42. Rg1 g6 43. Rh1 Bg5 0-1

[Event "Estival"]
[Site "Montreal CAN"]
[Date "1982.06.26"]
[Round "1"]
[White "Sauve, Laurent"]
[Black "Veltmann, Martin"]
[Result "0-1"]
[WhiteElo "1629"]
[BlackElo "1857"]
[PlyCount "62"]
[GameId "2160767912848443"]
[EventDate "1982.06.26"]
[EventType "swiss"]
[EventRounds "4"]
[EventCountry "CAN"]
[SourceTitle "mv"]

1. d4 Nf6 2. c4 g6 3. Nc3 Bg7 4. e4 O-O 5. Nf3 d6 6. Be2 e5 7. O-O Nc6 8. d5 Ne7 9. Rb1 a5 10. a3 Ne8 11. b4 axb4 12. axb4 f5 13. Bg5 f4 14. Qb3 h6 15. Bxe7 Qxe7 16. Rfc1 g5 17. Nd2 g4 18. f3 h5 19. Nb5 Rf6 20. c5 Rg6 21. cxd6 cxd6 22. Qc3 Bd7 23. Qb3 Qg5 24. Nc7 Nxc7 25. Rxc7 gxf3 26. Qxf3 Bg4 27. Qf2 Bxe2 28. Qxe2 Ra2 29. Rc8+ Bf8 30. Rbc1 f3 31. Qxf3 Rf6 0-1

[Event "Estival"]
[Site "Montreal CAN"]
[Date "1982.06.26"]
[Round "2"]
[White "Morin, Louis"]
[Black "Barbeau, Sylvain"]
[Result "0-1"]
[WhiteElo "1813"]
[BlackElo "2254"]
[PlyCount "88"]
[GameId "2160767912848444"]
[EventDate "1982.06.26"]
[EventType "swiss"]
[EventRounds "4"]
[EventCountry "CAN"]
[SourceTitle "hb 2013"]

1. e4 e5 2. Nf3 Nf6 3. Nxe5 d6 4. Nf3 Nxe4 5. Qe2 Qe7 6. d3 Nf6 7. Bg5 Nbd7 8. Nc3 Qxe2+ 9. Bxe2 h6 10. Bf4 g5 11. Be3 Nb6 12. O-O-O Bg7 13. h3 Bd7 14. Nh2 O-O-O 15. Bf3 Be6 16. Rhe1 Nfd5 17. Nxd5 Nxd5 18. Bd2 Kd7 19. Nf1 b5 20. Ne3 Nf4 21. Bg4 h5 22. Bxe6+ fxe6 23. Bc3 Bxc3 24. bxc3 Rdf8 25. f3 Ng6 26. Kd2 Rf4 27. Rb1 a6 28. Rb4 c5 29. Rxf4 gxf4 30. Nd1 Nh4 31. Ke2 Rg8 32. Rg1 Rxg2+ 33. Rxg2 Nxg2 34. Kf2 Nh4 35. Nb2 Kc6 36. Ke2 Kb6 37. a4 d5 38. axb5 Kxb5 39. c4+ Kb4 40. cxd5 exd5 41. c3+ Kb3 42. c4 Kxb2 43. cxd5 Nf5 44. d4 c4 0-1

[Event "Estival"]
[Site "Montreal CAN"]
[Date "1982.06.26"]
[Round "2"]
[White "Veltmann, Martin"]
[Black "Balla, Thomas"]
[Result "1-0"]
[WhiteElo "1857"]
[BlackElo "1797"]
[PlyCount "93"]
[GameId "2160767912848445"]
[EventDate "1982.06.26"]
[EventType "swiss"]
[EventRounds "4"]
[EventCountry "CAN"]
[SourceTitle "mv"]

1. e4 e5 2. Nf3 Nc6 3. Bb5 a6 4. Ba4 Nf6 5. O-O Be7 6. Re1 b5 7. Bb3 d6 8. c3 O-O 9. h3 Na5 10. Bc2 c5 11. d4 Qc7 12. Nbd2 Re8 13. d5 c4 14. Nf1 Nb7 15. g4 Nc5 16. Ng3 g6 17. Bh6 Bf8 18. Bxf8 Rxf8 19. Kh1 Qd7 20. Nh2 Bb7 21. Rg1 Kh8 22. Qd2 Qe7 23. Nf3 Ng8 24. Rg2 Qf6 25. Qe2 Qf4 26. Rd1 Ne7 27. Ng1 Rae8 28. f3 Bc8 29. Rf1 Rg8 30. Qf2 f5 31. b4 Nd3 32. Bxd3 cxd3 33. Rd1 Nxd5 34. Rxd3 Ne7 35. Rxd6 Rd8 36. Qd2 Qxd2 37. Rgxd2 Rxd6 38. Rxd6 fxe4 39. Nxe4 Rf8 40. Kg2 Ng8 41. Ne2 Bb7 42. N2g3 Re8 43. Nc5 Bc8 44. Nge4 Ne7 45. Nxa6 Bxa6 46. Rxa6 Nd5 47. Ra7 1-0

[Event "Estival"]
[Site "Montreal CAN"]
[Date "1982.06.27"]
[Round "3"]
[White "Langlois, Charles"]
[Black "Veltmann, Martin"]
[Result "1-0"]
[WhiteElo "2073"]
[BlackElo "1857"]
[PlyCount "77"]
[GameId "2160767912848446"]
[EventDate "1982.06.26"]
[EventType "swiss"]
[EventRounds "4"]
[EventCountry "CAN"]
[SourceTitle "mv"]

1. e4 c5 2. Nf3 Nc6 3. c3 e6 4. d4 d5 5. exd5 exd5 6. Be2 Bd6 7. O-O Nge7 8. dxc5 Bxc5 9. Nbd2 O-O 10. Nb3 Bd6 11. Bg5 Bg4 12. Nbd4 a6 13. Re1 Qc7 14. h3 Bh5 15. Qd2 Bg6 16. Bd3 Rfe8 17. Re2 h6 18. Nxc6 Qxc6 19. Nd4 Qd7 20. Bxe7 Bxd3 21. Qxd3 Rxe7 22. Rxe7 Bxe7 23. Nf5 Bc5 24. Rd1 Rd8 25. b4 Bb6 26. Qf3 Qe6 27. a4 Qe5 28. a5 Bc7 29. g3 b6 30. axb6 Bxb6 31. Kg2 f6 32. Rxd5 Rxd5 33. Ne7+ Kf7 34. Nxd5 Bd8 35. c4 g6 36. Ne3 f5 37. Qb7+ Be7 38. Nd5 Qe4+ 39. Kh2 1-0

[Event "Estival"]
[Site "Montreal CAN"]
[Date "1982.06.27"]
[Round "3"]
[White "Morin, Louis"]
[Black "Morin, Yves"]
[Result "1-0"]
[WhiteElo "1813"]
[BlackElo "1706"]
[PlyCount "69"]
[GameId "2160767912848447"]
[EventDate "1982.06.26"]
[EventType "swiss"]
[EventRounds "4"]
[EventCountry "CAN"]
[SourceTitle "hb 2013"]

1. e4 e6 2. d4 d5 3. Nc3 Bb4 4. e5 c5 5. a3 Bxc3+ 6. bxc3 Ne7 7. Qg4 Qc7 8. Bd3 cxd4 9. Ne2 Nbc6 10. Qxg7 Rg8 11. Qh6 Bd7 12. Bxh7 Rh8 13. Qg7 O-O-O 14. Bf4 dxc3 15. O-O Kb8 16. Bg5 Nf5 17. Bxd8 Qxd8 18. Bxf5 exf5 19. Nxc3 f4 20. Qf6 Qg8 21. Qd6+ Ka8 22. Nxd5 f3 23. g3 Rxh2 24. Kxh2 Qh8+ 25. Kg1 Nxe5 26. Nc7+ Kb8 27. Na6+ Ka8 28. Qb8+ Qxb8 29. Nxb8 Kxb8 30. Rfe1 f6 31. Rxe5 fxe5 32. Re1 Kc7 33. Rxe5 Kd6 34. Re3 Bc6 35. Kh2 1-0

[Event "Estival"]
[Site "Montreal CAN"]
[Date "1982.06.27"]
[Round "4"]
[White "Gagnon, Michel"]
[Black "Morin, Louis"]
[Result "1/2-1/2"]
[WhiteElo "2080"]
[BlackElo "1813"]
[PlyCount "82"]
[GameId "2160767912848448"]
[EventDate "1982.06.26"]
[EventType "swiss"]
[EventRounds "4"]
[EventCountry "CAN"]
[SourceTitle "hb 2013"]

1. e4 c5 2. Nf3 e6 3. d4 cxd4 4. Nxd4 Nf6 5. Nc3 Nc6 6. Ndb5 Bb4 7. Nd6+ Ke7 8. Bf4 e5 9. Nf5+ Kf8 10. Bd2 d5 11. exd5 Nxd5 12. Nxd5 Qxd5 13. Bxb4+ Nxb4 14. Qxd5 Nxd5 15. O-O-O Bxf5 16. Rxd5 f6 17. Bd3 Bxd3 18. Rxd3 Ke7 19. Re1 Rhd8 20. Rh3 h6 21. f4 Rd5 22. fxe5 fxe5 23. Rf3 Rf8 24. Ref1 Rxf3 25. Rxf3 Rd6 26. c4 Rd4 27. b3 Rf4 28. Re3 Rf2 29. Rxe5+ Kf6 30. Rb5 b6 31. a4 Rxg2 32. a5 Rg5 33. Rxg5 Kxg5 34. axb6 axb6 35. Kd2 Kf4 36. Kd3 Ke5 37. h4 g5 38. hxg5 hxg5 39. b4 g4 40. Ke3 g3 41. Kf3 Kd4 1/2-1/2